| 000 | 00842nam a2200277#a 4500 | ||
|---|---|---|---|
| 001 | 01813 | ||
| 003 | HDC | ||
| 007 | ta | ||
| 008 | 230623s2011 xx 000 0 eng d | ||
| 020 | _a9780415885898 (pbk). | ||
| 040 | _aHDC | ||
| 050 |
_aHD9000.5 _b .P85 2011 |
||
| 100 |
_aPullman, Madeleine, _d1957-. |
||
| 245 | 0 |
_aFood supply chain management : _beconomic, social and environmental perspectives / _cMadeleine Pullman, Zhaohui Wu. |
|
| 264 |
_aNew York : _bRoutledge, _c2011. |
||
| 300 |
_axxii,287p. : _b ill., maps ; _c 27cm. |
||
| 504 | _aIncludes bibliographical references (p. [260]-270) and index. | ||
| 650 | _aFood industry and trade. | ||
| 650 | _aFood supply. | ||
| 650 | _aSustainable agriculture. | ||
| 700 |
_aWu, Zhaohui, _d1968-. |
||
| 942 | _2lcc | ||
| 942 | _cBK | ||
| 942 | _kHD9000.5 | ||
| 942 | _m .P85 2011 | ||
| 999 |
_c23374 _d23374 |
||